LDR 00853naa#a2200181#i#450# 001 RU\\bibl\121963 005 20260515024913.5 011 ## _a2658-638X 100 ## _a20260319b2026####ek#y0rusy0150####ca 102 ## _aRU 200 1# _aРазрыв семейных связей как печальная реальность 21 века _eЖурнальная статья 210 1# _aМосква _cМосковский университет МВД России имени В.Я. Кикотя _d2026 215 ## _a4 с. 608 ## _aЖурнальная статья _2local 675 ## _aНародное образование. Воспитание. Обучение. Организация досуга. 37 _z 700 #1 _aДорошенко _gОльга Марковна 700 #1 _aНижниченко _gНаталья Борисовна 856 4# _amosumvd.editorum.ru _u